Strzelcy bramek w 6 kolejce fazy grupowej LM w sezonie 20/21 - Statystyki

Ogólne statystyki
  • Ten quiz został rozwiązany 22 razy
  • Średni wynik to 16 z 42
Statystyki odpowiedzi
Mecz Piłkarz % Poprawnych
Barcelona - Juventus 0:1 Ronaldo
90%
Barcelona - Juventus 0:3 Ronaldo
90%
Lazio - Brugge 2:1 Immobile
85%
PSG - Basaksehir 1:0 Neymar
85%
PSG - Basaksehir 2:0 Neymar
85%
PSG - Basaksehir 4:0 Neymar
85%
PSG - Basaksehir 3:0 Mbappe
80%
PSG - Basaksehir 5:1 Mbappe
80%
Real Madryt - Monchengladbach 1:0 Benzema
75%
Real Madryt - Monchengladbach 2:0 Benzema
75%
Midtjylland - Liverpool 0:1 Salah
75%
Barcelona - Juventus 0:2 McKennie
70%
RB Lipsk - Manchester United 1:0 Angelino
50%
RB Lipsk - Manchester United 3:1 Fernandes
50%
Zenit - Dortmund 1:1 Piszczek
50%
Zenit - Dortmund 1:2 Witsel
45%
Bayern - Lokomotiv 2:0 Choupo-Moting
40%
Ajax - Atalanta 0:1 Muriel
40%
Manchester City - Olympique Marsylia 2:0 Aguero
35%
Lazio - Brugge 1:0 Correa
35%
RB Lipsk - Manchester United 3:0 Kluivert
35%
Rennes - Sevilla 0:2 En Nesyri
30%
Rennes - Sevilla 0:3 En Nesyri
30%
RB Lipsk - Manchester United 3:2 (bramka samobójcza) Konate
25%
Bayern - Lokomotiv 1:0 Sule
25%
Manchester City - Olympique Marsylia 1:0 Torres
25%
RB Lipsk - Manchester United 2:0 Haidara
20%
Salzburg - Atletico Madryt 0:2 Carrasco
15%
Chelsea - Krasnodar 1:1 Jorginho
15%
Olympiakos - Porto 0:1 Otavio
15%
Lazio - Brugge 2:2 Vanaken
15%
Chelsea - Krasnodar 0:1 Cabella
10%
Rennes - Sevilla 0:1 Kounde
10%
Zenit - Dortmund 1:0 Driussi
5%
Salzburg - Atletico Madryt 0:1 Hermoso
5%
Dynamo Kijów - Ferencvaros 1:0 Popov
5%
Midtjylland - Liverpool 1:1 Scholz
5%
PSG - Basaksehir 4:1 Topal
5%
Lazio - Brugge 1:1 Vormer
5%
Manchester City - Olympique Marsylia 3:0 (bramka samobójcza) Alvaro
0%
Rennes - Sevilla 1:3 Rutter
0%
Olympiakos - Porto 0:2 Uribe
0%
Nie znaleziono quizów pasujących do podanych kryteriów
Rozkład punktacji
Procent ludzi z każdym wynikiem
Percentyl według liczby udzielonych odpowiedzi
Twoja historia wyników
Nie rozwiązałeś tego quizu